Símbolos y Dios en el último Juan Ramón Jiménez (El influjo oriental en "Dios deseado y deseante")
Na minha lista:
| Autor principal: | |
|---|---|
| Formato: | Livro |
| Idioma: | Undetermined |
| Publicado em: |
Madrid, España
Gredos
1975
|
| Assuntos: | |
| Tags: |
Adicionar Tag
Sem tags, seja o primeiro a adicionar uma tag!
|
MARC
| LEADER | 00000nam a2200000Ia 4500 | ||
|---|---|---|---|
| 008 | 170316s9999 xx 000 0 und d | ||
| 040 | |a cru BVZT | ||
| 090 | |a C-862 S-8s | ||
| 100 | |a Santos-Escudero, Ceferino | ||
| 245 | |a Símbolos y Dios en el último Juan Ramón Jiménez (El influjo oriental en "Dios deseado y deseante") | ||
| 260 | |a Madrid, España | ||
| 260 | |b Gredos | ||
| 260 | |c 1975 | ||
| 300 | |a 565 páginas | ||
| 650 | |a LITERATURA ESPAÑOLA | ||
| 650 | |a CRÍTICA | ||
| 999 | |c 13201 |d 13201 | ||
| 942 | |c 15 D |h C-862 S-8s |2 z | ||
